| 000 | 00649nam a22002177a 4500 | ||
|---|---|---|---|
| 001 | 86114 | ||
| 003 | BD-RjUL | ||
| 005 | 20260119094640.0 | ||
| 008 | 260119s1986 us a|||| i||| 00| 0 eng d | ||
| 035 | _a(BD-RjUL)86114 | ||
| 040 |
_aBD-RjUL _beng _cBD-RjUL _dDLC _eDLC |
||
| 041 | _aeng | ||
| 082 |
_223 _a658.4 _bARM 1986 |
||
| 245 |
_aA Handbook of Management Techniques , _cMichael Armstrong |
||
| 260 |
_aAmerica _bBritsh Library Cataloguing in Pulication Data _c1986 |
||
| 300 |
_a572 page, _bill, _c24 cm. |
||
| 337 | _2ISBN 1-85091-077-4 | ||
| 650 |
_aManagement _vTechniques _917609 |
||
| 700 |
_aArmstrong, Michael _99244 |
||
| 942 |
_2ddc _cBK |
||
| 999 |
_c86114 _d86114 |
||